000 00771nam a2200241 a 4500
999 _c768
_d768
008 191029r20092012ii a|||g |||| 00| 0 eng d
020 _a9780070221796
_cRs. 599.00
040 _aKO
_beng
041 0 _aeng
044 _aii
082 0 4 _223
_a658.049
_bH5501
100 1 _aHill, Charles W. L.
245 1 0 _aInternational Business :
_bCompeting in the Global Marketplace /
_cCharles W. L. Hill and Arun Kumar Jain
250 _a6th ed.
260 _aNew Delhi :
_bTata McGraw Hill Education Private Limited ,
_c2009, reprinted 2012
300 _axxv, 942 p. :
_bill. ;
_c24 cm.
504 _aIncludes Index.
650 0 _aInternational business enterprises
_xManagement
_vTextbooks
700 _aJain, Arun Kumar
_eaut
904 _aA_BOSE
942 _cBK